| 000 | 00617nam a2200181 4500 | ||
|---|---|---|---|
| 001 | 148927 | ||
| 003 | ES-MaACL | ||
| 005 | 20230906202856.0 | ||
| 007 | t| | ||
| 008 | 070214s1917 sp r ||||1| spa d | ||
| 100 | 1 |
_aSuñé Benages, Juan. _9108792 |
|
| 245 | 1 | 0 |
_aBibliografía crítica de ediciones del Quijote impresas desde 1605 hasta 1917 / _crecopiladas y descritas por Juan Suñé Benages y Juan Suñé Fonbuena. |
| 260 |
_aBarcelona : _bPerelló, _c1917. |
||
| 300 |
_aXXXI, 485 p. ; _c25 x 17 cm. |
||
| 700 | 1 |
_aSuñé Fonbuena, Juan. _9108793 |
|
| 852 |
_aES-MaACL _jF-1261 |
||
| 852 |
_aES-MaACL _jB-3444 |
||
| 999 |
_c148927 _d148927 |
||